| 000 | 00741nam a2200241Ia 4500 | ||
|---|---|---|---|
| 008 | 160404s9999 xx 000 0 und d | ||
| 020 | _a971-23-2304-8 | ||
| 050 | _aFIL TX 167 | ||
| 050 | _b.M67 1997 c.3 | ||
| 100 | _aMortola, Roseni G. | ||
| 245 | _aNutrition and home technology / | ||
| 245 | _cRoseni G. Mortola, Juanita J. Janita. | ||
| 260 | _aManila : | ||
| 260 | _bRex Book Store, Inc., | ||
| 260 | _c1997 | ||
| 300 | _a182 pages : | ||
| 300 | _billustrations ; | ||
| 300 | _c22 cm. | ||
| 500 | _aIncludes bibliographical references. | ||
| 650 | _aHome economics -- Study and teaching (Higher) -- Philippines. | ||
| 650 | _aHome management. | ||
| 650 | _xNutrition -- Study and teaching ( Higher) -- Philippines. | ||
| 999 |
_c293130 _d293130 |
||